| LEADER | 00739nam a2200241I 4500 | ||
|---|---|---|---|
| 001 | 006954841-2 | ||
| 005 | 20020606163548.3 | ||
| 008 | 791112s1964 mtuacb b 000 0 eng | ||
| 010 | |a 64002445 | ||
| 035 | 0 | |a ocm05686875 | |
| 040 | |a DLC |c LDL |d HLS | ||
| 043 | |a n-us-mt | ||
| 050 | 0 | |a F731 |b .W67 | |
| 100 | 1 | |a Wright, Robert C. | |
| 245 | 1 | 0 | |a Montana, territory of treasures: |b people, places, events, |c by Bob and Kathryn Wright. |
| 260 | |a Billings, Montana, |b Gazette Printing Co. |c [1964]. | ||
| 300 | |a 92 p. |b illus., ports., maps. |c 23 cm. | ||
| 651 | 0 | |a Montana |x History. | |
| 655 | 7 | |a History. |2 fast | |
| 700 | 1 | |a Wright, Kathryn, |d 1912- |e joint author. | |
| 700 | 1 | |a Wright, Kathryn, |d 1912- |e author. | |
| 988 | |a 20020608 | ||
| 906 | |0 DLC | ||


